Misi Cah MENGORAT ACAP / (Record no. 189108)

MARC details
000 -LEADER
fixed length control field 00827nam a2200253 i 4500
005 - DATE AND TIME OF LATEST TRANSACTION
control field 20220915151422.0
008 - FIXED-LENGTH DATA ELEMENTS--GENERAL INFORMATION
fixed length control field 220915q2022 my g 000 f may d
020 ## - INTERNATIONAL STANDARD BOOK NUMBER
International Standard Book Number 9789672813095
Terms of availability RM 30.00
Qualifying information paperback
040 ## - CATALOGING SOURCE
Original cataloging agency PPAK
Language of cataloging eng
Transcribing agency PPAK
Description conventions rda
082 04 - DEWEY DECIMAL CLASSIFICATION NUMBER
Edition number 23
Classification number 899.2333
090 00 - LOCALLY ASSIGNED LC-TYPE CALL NUMBER (OCLC); LOCAL CALL NUMBER (RLIN)
Classification number (OCLC) (R) ; Classification number, CALL (RLIN) (NR) 899.2333
Feature heading NAJ
Feature heading G
100 0# - MAIN ENTRY--PERSONAL NAME
Personal name Najwa Rahman,
Dates associated with a name 1991-,
Relator term author.
245 10 - TITLE STATEMENT
Title Misi Cah MENGORAT ACAP /
Statement of responsibility, etc. NAJWA RAHMAN ; Editor : Rinsya Chasiani, Ayumi Syafiqah
264 #1 - PRODUCTION, PUBLICATION, DISTRIBUTION, MANUFACTURE, AND COPYRIGHT NOTICE
Place of production, publication, distribution, manufacture Bandar Pusat Jengka, Pahang :
Name of producer, publisher, distributor, manufacturer Rinsya Chasiani ;
Date of production, publication, distribution, manufacture, or copyright notice [2022?].
300 ## - PHYSICAL DESCRIPTION
Extent 164 pages ;
Dimensions 18 cm.
336 ## - CONTENT TYPE
Source rdacontent
Content type term text
337 ## - MEDIA TYPE
Source rdamedia
Media type term unmediated
338 ## - CARRIER TYPE
Source rdacarrier
Carrier type term volume
650 10 - SUBJECT ADDED ENTRY--TOPICAL TERM
Topical term or geographic name entry element Malay fiction.
Topical term or geographic name entry element Malay fiction (Malay).
700 0# - ADDED ENTRY--PERSONAL NAME
Personal name Rinsya Chasiani,
Relator term editor.
Personal name Ayumi Syafiqah,
Relator term editor.
942 ## - ADDED ENTRY ELEMENTS (KOHA)
Source of classification or shelving scheme Dewey Decimal Classification
Koha item type Book
Holdings
Withdrawn Not for loan Current library Shelving location Date acquired Total Checkouts Total Renewals Full call number Barcode Date last seen Date last checked out Koha item type
    Perpustakaan Alor Setar Pinjaman Dewasa 03/10/2022 1 1 899.2333 NAJ A01751002 16/03/2023 20/02/2023 Book
    Perpustakaan Alor Setar Pinjaman Dewasa 03/10/2022 1   899.2333 NAJ A01751003 27/02/2023 19/02/2023 Book
    Perpustakaan Awam Sungai Petani Pinjaman Dewasa 03/10/2022     899.2333 NAJ A01751004 03/10/2022   Book
    Perpustakaan Baling Pinjaman Dewasa 03/10/2022 1   899.2333 NAJ A01751008 25/03/2023 07/03/2023 Book
    Perpustakaan Bandar Baharu Pinjaman Dewasa 03/10/2022     899.2333 NAJ A01751009 03/10/2022   Book
    Perpustakaan Jitra Pinjaman Dewasa 03/10/2022     899.2333 NAJ A01751005 03/10/2022   Book
    Perpustakaan Kuala Nerang Pinjaman Dewasa 03/10/2022 1   899.2333 NAJ A01751013 26/09/2023 25/09/2023 Book
    Perpustakaan Kulim Pinjaman Dewasa 03/10/2022     899.2333 NAJ A01751007 03/10/2022   Book
    Perpustakaan Langkawi Pinjaman Dewasa 03/10/2022     899.2333 NAJ A01751006 03/10/2022   Book
    Perpustakaan Merbok Pinjaman Dewasa 03/10/2022     899.2333 NAJ A01751010 03/10/2022   Book
    Perpustakaan Pendang Pinjaman Dewasa 03/10/2022     899.2333 NAJ A01751014 03/10/2022   Book
    Perpustakaan Sik Pinjaman Dewasa 03/10/2022     899.2333 NAJ A01751012 03/10/2022   Book
    Perpustakaan Yan Pinjaman Dewasa 03/10/2022     899.2333 NAJ A01751011 03/10/2022   Book
    Bergerak 1, Alor Setar Pinjaman Dewasa 03/10/2022     899.2333 NAJ A01751016 03/10/2022   Book
    Bergerak 3, Baling Pinjaman Dewasa 03/10/2022     899.2333 NAJ A01751017 03/10/2022   Book
    PD30, Bandar Baru Beris Jaya, Sik Pinjaman Dewasa 03/10/2022     899.2333 NAJ A01751015 03/10/2022   Book